Enemy at the gates (Record no. 220298)

MARC details
000 -LEADER
fixed length control field 01733nam a22002177a 4500
005 - DATE AND TIME OF LATEST TRANSACTION
control field 20211030101801.0
008 - FIXED-LENGTH DATA ELEMENTS--GENERAL INFORMATION
fixed length control field 211030b ||||| |||| 00| 0 eng d
020 ## - INTERNATIONAL STANDARD BOOK NUMBER
International Standard Book Number 9781398500440
040 ## - CATALOGING SOURCE
Transcribing agency Al
041 ## - LANGUAGE CODE
Language code of text/sound track or separate title Eng
082 ## - DEWEY DECIMAL CLASSIFICATION NUMBER
Edition number 23
Classification number 813.6
Item number MILE
100 ## - MAIN ENTRY--PERSONAL NAME
Personal name Vince Flynn
100 ## - MAIN ENTRY--PERSONAL NAME
9 (RLIN) 9370
245 ## - TITLE STATEMENT
Title Enemy at the gates
260 ## - PUBLICATION, DISTRIBUTION, ETC.
Place of publication, distribution, etc. New Delhi
Name of publisher, distributor, etc. Simon & Schuster
Date of publication, distribution, etc. 2021
300 ## - PHYSICAL DESCRIPTION
Extent 340p.
Other physical details PB
Dimensions 23.5x15.5cm.
365 ## - TRADE PRICE
Price type code BLCR-000062
Price amount ₹479.20
Currency code
Unit of pricing 599.00
Price note 20%
Price effective from 04-10-2021
520 ## - SUMMARY, ETC.
Summary, etc. THE NEW PULSE-POUNDING THRILLER IN THE NEW YORK TIMES BESTSELLING MITCH RAPP SERIES<br/>When a high-level mole with power to rewrite world order infiltrates the CIA, Rapp must uncover a threat like no other.<br/>After a blackout swept the nation, America is resuming life as normal with a new president, one unlike any Mitch Rapp has worked with in the past. As Rapp backs away, the new president, in turn, questions his loyalty.<br/>Rapp decides to take a much-needed break. But when it's discovered that a mole in the CIA has been digging into their systems for information on Nicholas Ward, the world's first trillionaire and the man personally overseeing cutting-edge medical research in Uganda, he is pulled back onto the job.<br/>Protecting Ward, Rapp is completely cut off from the agency as he works to identify and expose the mole. But the situation is complex. And the threat is one he could never have imagined...<br/>'Packed with enough suspense to match all the hard-hitting action, Enemy at the Gates ups the ante moving forward, and if you think you've already seen Kyle Mills at his best . . . think again. This one is not to be missed' The Real Book Spy<br/>
650 ## - SUBJECT ADDED ENTRY--TOPICAL TERM
Topical term or geographic name entry element Fiction
9 (RLIN) 9371
700 ## - ADDED ENTRY--PERSONAL NAME
Personal name FLYNN (Vince)
9 (RLIN) 9372
942 ## - ADDED ENTRY ELEMENTS (KOHA)
Source of classification or shelving scheme Dewey Decimal Classification
Koha item type Book
Holdings
Withdrawn status Lost status Source of classification or shelving scheme Damaged status Not for loan Collection code Home library Current library Date acquired Source of acquisition Cost, normal purchase price Total Checkouts Full call number Barcode Date last seen Date last checked out Cost, replacement price Price effective from Koha item type
    Dewey Decimal Classification     English St Aloysius Library St Aloysius Library 10/12/2021 NavaKarnataka Publications Pvt.Ltd. 479.20 2 813.6 MILE 075024 02/21/2025 02/10/2025 599.00 10/30/2021 Book